Guatemala de la Asunción: una semblanza histórica /
sin resumen
Αποθηκεύτηκε σε:
| Κύριος συγγραφέας: | |
|---|---|
| Μορφή: | Άγνωστο |
| Γλώσσα: | Spanish |
| Ετικέτες: |
Προσθήκη ετικέτας
Δεν υπάρχουν, Καταχωρήστε ετικέτα πρώτοι!
|
MARC
| LEADER | 00000 a2200000 04500 | ||
|---|---|---|---|
| 001 | 1262 | ||
| 003 | cru CIDCACS/IIS | ||
| 005 | 20200917121957.0 | ||
| 008 | 200917b ||||| |||| 00| 0 spa d | ||
| 999 | |c 10989 |d 10989 | ||
| 040 | |c cru CIDCACS/IIS | ||
| 090 | |a 10492.02 | ||
| 100 | 1 | |a Pinto Soria, Julio César |9 1863 | |
| 245 | 1 | |a Guatemala de la Asunción: |b una semblanza histórica / |c Julio César Pinto Soria | |
| 300 | |a páginas 50-80: |b mapas | ||
| 520 | |a sin resumen | ||
| 942 | |2 ddc |c LI | ||
| 773 | 0 | |0 43379 |9 4881 |a Gellert, Gisela |d Ciudad de Guatemala: Universidad de San Carlos de Guatemala. Centro de Estudios Urbanos y Regionales, 1990 |o MFN: 1262 |t Ciudad de Guatemala: | |
